Microbial biotechnology: Fundamentals of applied microbiology (Record no. 5788)

MARC details
000 -LEADER
fixed length control field 00534nam a2200181Ia 4500
008 - FIXED-LENGTH DATA ELEMENTS--GENERAL INFORMATION
fixed length control field 230917s9999||||xx |||||||||||||| ||und||
020 ## - ISBN
Price RS 795.00
040 ## - CATALOGING SOURCE
-- 5009730
Original cataloging agency VIVEKANANDA LIBRARY
041 ## - Language
-- English
082 ## - DDC NUMBER
Classification number 660.6024576 G469M(2)
100 ## - MAIN ENTRY--PERSONAL NAME
Personal name Glazer, Alexander N
245 #0 - TITLE STATEMENT
Title Microbial biotechnology: Fundamentals of applied microbiology
250 ## - EDITION STATEMENT
Edition statement 2nd ed.
260 ## - PUBLICATION, DISTRIBUTION, ETC. (IMPRINT)
Place of publication, distribution, etc New Delhi
Name of publisher, distributor, etc Cambridge University Press
Date of publication, distribution, etc 2008
300 ## - PHYSICAL DESCRIPTION
Pages xvii, 554 p.
500 ## - GENERAL NOTE
General note 4580 14/10/2022 PBA22/233 18/10/2022 Main Budget
942 ## - ADDED ENTRY ELEMENTS (KOHA)
Koha item type Books
Holdings
Withdrawn status Lost status Damaged status Not for loan Location (home branch) Sublocation or collection (holding branch) Date acquired Koha issues (times borrowed) Koha full call number Accession No. Koha date last seen Koha item type
        VIVEKANANDA LIBRARY VIVEKANANDA LIBRARY 01/11/2022 1 660.6024576 G469M(2) 401027 13/05/2025 Books
        VIVEKANANDA LIBRARY VIVEKANANDA LIBRARY 01/11/2022   660.6024576 G469M(2) 401028 17/09/2023 Books
© Designed and Maintained by Vivekananda Library, MDU Rohtak